Pays se terminant par I - Statistiques

Statistiques générales
  • Ce quiz a été pris 431 fois
    379 depuis la dernière actualisation
  • Le résultat moyen est 6 sur 11
Statistiques - réponses
pays % Correct
Kiribati
74%
Fidji
67%
Mali
65%
Chili
62%
Malawi
58%
Eswatini
54%
Haïti
51%
Burundi
48%
Djibouti
47%
Brunei
40%
Royaume-Uni
27%
Aucun quiz correspondant
Distribution des résultats
% des personnes avec chaque résultat
Percentile par nombre de réponses
Votre historique - résultats
Vous n’avez pas pris ce quiz depuis la dernière actualisation